| 000 | 01278nam1a2200253 i 4500 | ||
|---|---|---|---|
| 001 | v19\rc\2042256 | ||
| 005 | 20240726070321.0 | ||
| 035 | _a(NLR Aleph) 005122028 | ||
| 090 |
_a7603531 _c7603531 |
||
| 100 | _a20081111g19041908u||y0rusy50 ca | ||
| 101 | 0 | _arus | |
| 102 | _aRU | ||
| 105 | _a| z ||||| | ||
| 200 | 1 |
_aОбзор успехов клиники внутренних болезней... _fприв.-доц. Н. Я. Кетчер |
|
| 210 |
_aСанкт-Петербург _d1904-1908 |
||
| 215 | _d16 | ||
| 300 | _aОтт. из "Календаря для врачей всех ведомств на ...год", изд. фирмой К. Л. Риккер, под ред. д-ра П. Н. Булатова | ||
| 412 | 0 |
_12001#$aКалендарь для врачей всех ведомств$fизд. фирмой К. Л. Риккер$gпод ред. д-ра П. Н. Булатова _1702#1$aБулатов$bП. Н.$f1859-$gПавел Николаевич$4340$3RU\NLR\AUTH\77105813 _tКалендарь для врачей всех ведомств |
|
| 700 | 1 |
_aКетчер _bН. Я. _f1859-1924 _gНиколай Яковлевич |
|
| 801 | 0 |
_aRU _bNLR _gpsbo |
|
| 801 | 1 |
_aRU _bProSoft-M _2rusmarc |
|
| 852 |
_aNLR _j58-2/348 |
||
| 942 | _cBOOK | ||